| 000 | 01088nam a2200301Ia 4500 | ||
|---|---|---|---|
| 001 | Para_1327 | ||
| 003 | CHAP | ||
| 008 | 220125s1998 xx 000 0 und d | ||
| 010 | _a200035 | ||
| 040 | _cCHAP | ||
| 090 | _aPA TESIS 1268 | ||
| 100 |
_aInés Vásquez, Sergio _958837 |
||
| 245 |
_aControl de zacate bermuda (Cynodon dactylon (L.), Pers.), con glifosato y fluazifop-butil en frijol (Phaseolus vulgaris L.), cultivado bajo dos sistemas de labranza en Chapingo, México / _c por Sergio Inés Váquez |
||
| 260 |
_aChapingo, Méx. : _b El autor |
||
| 300 | _a41 h. | ||
| 502 | _aTesis (Ing. Agr. Esp. en Parasitología Agrícola), UACh. Depto. Parasitología | ||
| 650 |
_aCynodon dactylon _930800 |
||
| 650 |
_aFrijol _x malas hierbas _xcontrol _943402 |
||
| 650 |
_aMalas hierbas _x control _970011 |
||
| 710 |
_aUACh. Departamento de Parasitología Agrícola _9115877 |
||
| 901 | _aPA TESIS 1268 | ||
| 902 | _aA | ||
| 905 | _a0000001998 i 0000000000 00 | ||
| 910 | _a1998 | ||
| 942 | _cPARA | ||
| 942 |
_cPARA _d1 |
||
| 999 |
_c200035 _d200035 |
||